The Teacher Quality Index (Record no. 24188)

MARC details
000 -LEADER
fixed length control field 00704nam a22002057a 4500
003 - CONTROL NUMBER IDENTIFIER
control field OSt
005 - DATE AND TIME OF LATEST TRANSACTION
control field 20260612124554.0
008 - FIXED-LENGTH DATA ELEMENTS--GENERAL INFORMATION
fixed length control field 260612b |||||||| |||| 00| 0 eng d
020 ## - INTERNATIONAL STANDARD BOOK NUMBER
International Standard Book Number 9781416602729
040 ## - CATALOGING SOURCE
Transcribing agency Chuka University Library
050 ## - LIBRARY OF CONGRESS CALL NUMBER
Classification number LB 2835
Item number .S7 2006
100 ## - MAIN ENTRY--PERSONAL NAME
Personal name Stronge James H.
9 (RLIN) 29007
245 ## - TITLE STATEMENT
Title The Teacher Quality Index
Remainder of title A Protocol Teacher Selection
260 ## - PUBLICATION, DISTRIBUTION, ETC.
Place of publication, distribution, etc. Alexandria, Virginia USA
Name of publisher, distributor, etc. Association for Supervision and Curriculum Development
Date of publication, distribution, etc. 2006
300 ## - PHYSICAL DESCRIPTION
Extent vii
Other physical details illustrated includes indexes
Accompanying material 1 cd rom
650 ## - SUBJECT ADDED ENTRY--TOPICAL TERM
Topical term or geographic name entry element Teachers- Selection and Appointment
9 (RLIN) 29008
650 ## - SUBJECT ADDED ENTRY--TOPICAL TERM
Topical term or geographic name entry element Teachers- Rating
9 (RLIN) 29009
700 ## - ADDED ENTRY--PERSONAL NAME
Personal name Hindman Jeniffer L.
9 (RLIN) 29010
942 ## - ADDED ENTRY ELEMENTS (KOHA)
Source of classification or shelving scheme Library of Congress Classification
Koha item type Long Loan Books
Suppress in OPAC No
Holdings
Withdrawn status Lost status Source of classification or shelving scheme Damaged status Not for loan Collection Home library Current library Shelving location Date acquired Source of acquisition Cost, normal purchase price Total Checkouts Full call number Barcode Date last seen Price effective from Koha item type
    Library of Congress Classification     General Collection Books Main Campus Library Main Campus Library General Stacks 12/06/2026 Donation from Books for Africa 3612.00   LB 2835 .S7 2006 34244/2026 12/06/2026 12/06/2026 Long Loan Books

Powered by Koha